000 00546nam a2200193Ia 4500
003 GCL
008 140319s9999 xx 000 0 eng d
020 _a0804722129
040 _aGCL /
_cGCL
082 0 4 _a895.6
_bC T
100 1 _aCARTER, STEVEN
245 1 0 _aTRADITIONAL JAPANESE POETRY: AN ANTHOLOGY /
_cCARTER, STEVEN
260 _aنيويورك :
_bSTANFORD UNIVERSITY PRESS ،
_c1991
300 _a514 P ؛
_c21 cm.
650 0 4 _aENGLISH POETRY
650 0 4 _aJAPAN - POETRY
650 0 4 _aTRANSLATION INTO ENGLISH
942 _2ddc
_cBK
999 _c24798
_d24798